00470nam a22001457a 4500003000500000038001800005082000800023100001800031245009000049264003300139300002400172650002000196700005000216856005800266NUST aNusrat Nadeem a200 aMajid, Marium aElectroSave/TransfoSave – Efficient Electrical Distribution System/cMarium Majid,  aIslamabad;bNBS NUST;c2024. a58,p;bill;c30,cm. aExecutive MBA  aSupervisor: Dr. Yasmine Muhammad Javaid Iqbal u http://10.250.8.41:8080/xmlui/handle/123456789/45910